000
00332nam a22001097a 4500
003
SGT
082
_a
891.4309
_b
T24S
100
_a
शर्मा, यति
245
_a
टू हैल विद लाइफ
260
_b
ओम पब्लिशर्स एंड डिस्ट्रीब्यूटर
942
_2
ddc
_c
BK
999
_c
32059
_d
32059